[Event "146 Stay Safe Play From Home series"]
[Site "T#646011Emanuel Laske"]
[Date "2020.05.13"]
[Round "4"]
[White "Little champs"]
[Black "Lazieri3"]
[Result "0-1"]
[WhiteElo "2132"]
[BlackElo "2011"]
[Annotator "RC"]
[PlyCount "138"]
[EventDate "2020.05.13"]
[EventType "swiss (blitz)"]

1. d4 {[%emt 0:00:01]} c6 {[%emt 0:00:00]} 2. h3 {[%emt 0:00:02]} d5 {[%emt 0:00:00]} 3. a3 {[%emt 0:00:01]} h6 {[%emt 0:00:00]} 4. e3 {[%emt 0:00:01]} Nf6 {[%emt 0:00:00]} 5. c3 {[%emt 0:00:01]} Bf5 {[%emt 0:00:00]} 6. b3 {[%emt 0:00:01]} e6 {[%emt 0:00:01]} 7. Bd3 {[%emt 0:00:01]} Bxd3 {[%emt 0:00:01]} 8. Qxd3 {[%emt 0:00:01]} Bd6 {[%emt 0:00:00]} 9. Nd2 {[%emt 0:00:01]} Nbd7 {[%emt 0:00:01]} 10. Ngf3 {[%emt 0:00:00]} Qe7 {[%emt 0:00:01]} 11. g4 {[%emt 0:00:00]} O-O-O {[%emt 0:00:02]} 12. Bb2 {[%emt 0:00:01]} e5 {[%emt 0:00:01]} 13. dxe5 {[%emt 0:00:01]} Nxe5 {[%emt 0:00:00]} 14. Nxe5 {[%emt 0:00:01]} Bxe5 {[%emt 0:00:00]} 15. O-O-O {[%emt 0:00:01]} Bd6 {[%emt 0:00:02]} 16. a4 {[%emt 0:00:01]} Ba3 {[%emt 0:00:01]} 17. Kb1 {[%emt 0:00:01]} Bxb2 {[%emt 0:00:01]} 18. Kxb2 {[%emt 0:00:01]} Ne4 {[%emt 0:00:01]} 19. Nxe4 {[%emt 0:00:02]} Qxe4 {[%emt 0:00:00]} 20. Qxe4 {[%emt 0:00:01]} dxe4 {[%emt 0:00:00]} 21. Rd4 {[%emt 0:00:01]} Rxd4 {[%emt 0:00:01]} 22. cxd4 {[%emt 0:00:01]} g6 {[%emt 0:00:01]} 23. h4 {[%emt 0:00:00]} Rg8 {[%emt 0:00:01]} 24. Rc1 {[%emt 0:00:02]} Kd7 {[%emt 0:00:02]} 25. Rc5 {[%emt 0:00:01]} Ke6 {[%emt 0:00:02]} 26. Re5+ {[%emt 0:00:02]} Kd6 {[%emt 0:00:01]} 27. Rxe4 {[%emt 0:00:00]} f5 {[%emt 0:00:01]} 28. gxf5 {[%emt 0:00:02]} gxf5 {[%emt 0:00:00]} 29. Rf4 {[%emt 0:00:00]} Ke6 {[%emt 0:00:01]} 30. e4 {[%emt 0:00:01]} fxe4 {[%emt 0:00:01]} 31. Rxe4+ {[%emt 0:00:01]} Kd5 {[%emt 0:00:00]} 32. Re7 {[%emt 0:00:01]} b5 {[%emt 0:00:01]} 33. axb5 {[%emt 0:00:01]} cxb5 {[%emt 0:00:00]} 34. Rxa7 {[%emt 0:00:00]} Rg4 {[%emt 0:00:02]} 35. Rh7 {[%emt 0:00:02]} Rxh4 {[%emt 0:00:01]} 36. Rd7+ {[%emt 0:00:01]} Kc6 {[%emt 0:00:01]} 37. Rd8 {[%emt 0:00:01]} Rf4 {[%emt 0:00:01]} 38. d5+ {[%emt 0:00:01]} Kc5 {[%emt 0:00:01]} 39. Ka3 {[%emt 0:00:01]} Rxf2 {[%emt 0:00:03]} 40. b4+ {[%emt 0:00:03]} Kb6 {[%emt 0:00:01]} 41. d6 {[%emt 0:00:01]} Kc6 {[%emt 0:00:01]} 42. d7 {[%emt 0:00:01]} Rf3+ {[%emt 0:00:01]} 43. Kb2 {[%emt 0:00:01]} Kc7 {[%emt 0:00:01]} 44. Rh8 {[%emt 0:00:01]} Kxd7 {[%emt 0:00:01]} 45. Rxh6 {[%emt 0:00:01]} Kc7 {[%emt 0:00:02]} 46. Kc2 {[%emt 0:00:01]} Kb7 {[%emt 0:00:01]} 47. Rg6 {[%emt 0:00:01]} Rh3 {[%emt 0:00:01]} 48. Rf6 {[%emt 0:00:01]} Rg3 {[%emt 0:00:01]} 49. Kb2 {[%emt 0:00:01]} Rh3 {[%emt 0:00:01]} 50. Re6 {[%emt 0:00:01]} Rg3 {[%emt 0:00:01]} 51. Re4 {[%emt 0:00:01]} Rf3 {[%emt 0:00:02]} 52. Re7+ {[%emt 0:00:01]} Kc6 {[%emt 0:00:01]} 53. Re8 {[%emt 0:00:01]} Kd5 {[%emt 0:00:01]} 54. Rc8 {[%emt 0:00:01]} Rf5 {[%emt 0:00:02]} 55. Rc5+ {[%emt 0:00:01]} Ke4 {[%emt 0:00:01]} 56. Rc1 {[%emt 0:00:03]} Kd4 {[%emt 0:00:01]} 57. Kb3 {[%emt 0:00:01]} Rf3+ {[%emt 0:00:02]} 58. Kb2 {[%emt 0:00:00]} Rf2+ {[%emt 0:00:01]} 59. Kb3 {[%emt 0:00:01]} Rf5 {[%emt 0:00:01]} 60. Ka2 {[%emt 0:00:01]} Rf3 {[%emt 0:00:01]} 61. Kb2 {[%emt 0:00:01]} Rf2+ {[%emt 0:00:01]} 62. Kb3 {[%emt 0:00:01]} Rd2 {[%emt 0:00:00]} 63. Re1 {[%emt 0:00:01]} Rd3+ {[%emt 0:00:01]} 64. Kc2 {[%emt 0:00:01]} Rc3+ {[%emt 0:00:01]} 65. Kd2 {[%emt 0:00:00]} Rc4 {[%emt 0:00:00]} 66. Ke2 {[%emt 0:00:00]} Kd5 {[%emt 0:00:00]} 67. Rd1+ {[%emt 0:00:00]} Rd4 {[%emt 0:00:00]} 68. Rh1 {[%emt 0:00:00]} Re4+ {[%emt 0:00:00]} 69. Kf3 {[%emt 0:00:01]} Rd4 {[%emt 0:00:00]} 0-1

[Event "146 Stay Safe Play From Home series"]
[Site "T#646011Emanuel Laske"]
[Date "2020.05.13"]
[Round "4"]
[White "Haxhi Baha"]
[Black "Pokerpapi"]
[Result "1-0"]
[WhiteElo "1989"]
[BlackElo "1509"]
[PlyCount "41"]
[EventDate "2020.05.13"]
[EventType "swiss (blitz)"]

1. e4 {[%emt 0:00:01]} e5 {[%emt 0:00:00]} 2. f4 {[%emt 0:00:02]} d6 {[%emt 0:00:00]} 3. Nf3 {[%emt 0:00:02]} Nc6 {[%emt 0:00:00]} 4. Bc4 {[%emt 0:00:01]} h6 {[%emt 0:00:01]} 5. O-O {[%emt 0:00:02]} Bg4 {[%emt 0:00:01]} 6. fxe5 {[%emt 0:00:01]} Qd7 {[%emt 0:00:02]} 7. exd6 {[%emt 0:00:03]} Bxd6 {[%emt 0:00:00]} 8. d4 {[%emt 0:00:01]} O-O-O {[%emt 0:00:05]} 9. c3 {[%emt 0:00:01]} a6 {[%emt 0:00:03]} 10. Qb3 {[%emt 0:00:01]} Na7 {[%emt 0:00:04]} 11. Bxf7 {[%emt 0:00:02]} Nf6 {[%emt 0:00:05]} 12. h3 {[%emt 0:00:01]} Bxh3 {[%emt 0:00:04]} 13. gxh3 {[%emt 0:00:03]} Qxh3 {[%emt 0:00:01]} 14. Be6+ {[%emt 0:00:01]} Qxe6 {[%emt 0:00:12]} 15. Qxe6+ {[%emt 0:00:00]} Kb8 {[%emt 0:00:01]} 16. e5 {[%emt 0:00:00]} Rde8 {[%emt 0:00:03]} 17. Qf5 {[%emt 0:00:01]} h5 {[%emt 0:00:05]} 18. exd6 {[%emt 0:00:02]} Ng4 {[%emt 0:00:01]} 19. dxc7+ {[%emt 0:00:02]} Kxc7 {[%emt 0:00:02]} 20. Bf4+ {[%emt 0:00:01]} Kb6 {[%emt 0:00:01]} 21. Qc5# {[%emt 0:00:01] (Lag: Av=0.51s, max=0.6s)} 1-0

[Event "146 Stay Safe Play From Home series"]
[Site "T#646011Emanuel Laske"]
[Date "2020.05.13"]
[Round "4"]
[White "SecantFX"]
[Black "Don59as"]
[Result "0-1"]
[WhiteElo "1884"]
[BlackElo "2028"]
[PlyCount "120"]
[EventDate "2020.05.13"]
[EventType "swiss (blitz)"]

1. g3 {[%emt 0:00:04]} d5 {[%emt 0:00:01]} 2. Bg2 {[%emt 0:00:00]} e6 {[%emt 0:00:00]} 3. f4 {[%emt 0:00:00]} Nf6 {[%emt 0:00:01]} 4. Nf3 {[%emt 0:00:00]} Be7 {[%emt 0:00:00]} 5. e3 {[%emt 0:00:00]} O-O {[%emt 0:00:00]} 6. d4 {[%emt 0:00:00]} c5 {[%emt 0:00:00]} 7. c3 {[%emt 0:00:00]} Nc6 {[%emt 0:00:01]} 8. Nbd2 {[%emt 0:00:01]} b6 {[%emt 0:00:01]} 9. O-O {[%emt 0:00:01]} Bb7 {[%emt 0:00:01]} 10. Re1 {[%emt 0:00:00]} Ne4 {[%emt 0:00:01]} 11. Nxe4 {[%emt 0:00:01]} dxe4 {[%emt 0:00:00]} 12. Nd2 {[%emt 0:00:01]} f5 {[%emt 0:00:01]} 13. Nc4 {[%emt 0:00:02]} cxd4 {[%emt 0:00:02]} 14. cxd4 {[%emt 0:00:01]} Rc8 {[%emt 0:00:02]} 15. Ne5 {[%emt 0:00:01]} Nxe5 {[%emt 0:00:01]} 16. fxe5 {[%emt 0:00:00]} Bd5 {[%emt 0:00:01]} 17. Bd2 {[%emt 0:00:01]} Bg5 {[%emt 0:00:01]} 18. Bc3 {[%emt 0:00:01]} Qd7 {[%emt 0:00:02]} 19. a3 {[%emt 0:00:02]} Qb5 {[%emt 0:00:01]} 20. Rc1 {[%emt 0:00:02]} Rc6 {[%emt 0:00:03]} 21. Bf1 {[%emt 0:00:02]} Qb3 {[%emt 0:00:02]} 22. Bb4 {[%emt 0:00:03]} Qxd1 {[%emt 0:00:02]} 23. Rcxd1 {[%emt 0:00:01]} Rfc8 {[%emt 0:00:01]} 24. h4 {[%emt 0:00:02]} Bh6 {[%emt 0:00:07]} 25. Re2 {[%emt 0:00:03]} Rc2 {[%emt 0:00:03]} 26. Rdd2 {[%emt 0:00:01]} Rc1 {[%emt 0:00:01]} 27. Kf2 {[%emt 0:00:01]} Bc4 {[%emt 0:00:02]} 28. Re1 {[%emt 0:00:03]} Rxe1 {[%emt 0:00:01]} 29. Kxe1 {[%emt 0:00:01]} Bxf1 {[%emt 0:00:01]} 30. Kxf1 {[%emt 0:00:03]} Bxe3 {[%emt 0:00:00]} 31. Re2 {[%emt 0:00:01]} Bxd4 {[%emt 0:00:01]} 32. Bd6 {[%emt 0:00:02]} Rc1+ {[%emt 0:00:02]} 33. Kg2 {[%emt 0:00:00]} Rg1+ {[%emt 0:00:01]} 34. Kh2 {[%emt 0:00:01]} Rf1 {[%emt 0:00:01]} 35. g4 {[%emt 0:00:02]} e3 {[%emt 0:00:01]} 36. gxf5 {[%emt 0:00:01]} exf5 {[%emt 0:00:01]} 37. e6 {[%emt 0:00:01]} Rf2+ {[%emt 0:00:01]} 38. Rxf2 {[%emt 0:00:01]} exf2 {[%emt 0:00:01]} 39. Kg2 {[%emt 0:00:00]} g6 {[%emt 0:00:01]} 40. b4 {[%emt 0:00:02]} Kg7 {[%emt 0:00:01]} 41. e7 {[%emt 0:00:01]} Kf7 {[%emt 0:00:01]} 42. a4 {[%emt 0:00:01]} Bc3 {[%emt 0:00:01]} 43. a5 {[%emt 0:00:02]} Bf6 {[%emt 0:00:00]} 44. axb6 {[%emt 0:00:02]} axb6 {[%emt 0:00:00]} 45. e8=Q+ {[%emt 0:00:01]} Kxe8 {[%emt 0:00:01]} 46. Bc7 {[%emt 0:00:01]} Bxh4 {[%emt 0:00:00]} 47. Bxb6 {[%emt 0:00:01]} Be7 {[%emt 0:00:01]} 48. Bc5 {[%emt 0:00:01]} Kd7 {[%emt 0:00:00]} 49. Bxe7 {[%emt 0:00:01]} Kxe7 {[%emt 0:00:00]} 50. Kxf2 {[%emt 0:00:00]} Kd6 {[%emt 0:00:00]} 51. Kf3 {[%emt 0:00:00]} Kc6 {[%emt 0:00:00]} 52. Kf4 {[%emt 0:00:00]} Kb5 {[%emt 0:00:00]} 53. Kg5 {[%emt 0:00:00]} Kxb4 {[%emt 0:00:00]} 54. Kh6 {[%emt 0:00:01]} Kc4 {[%emt 0:00:01]} 55. Kxh7 {[%emt 0:00:00]} f4 {[%emt 0:00:00]} 56. Kxg6 {[%emt 0:00:00]} f3 {[%emt 0:00:00]} 57. Kf5 {[%emt 0:00:00]} f2 {[%emt 0:00:00]} 58. Ke4 {[%emt 0:00:00]} f1=Q {[%emt 0:00:00]} 59. Ke3 {[%emt 0:00:00]} Qd3+ {[%emt 0:00:00]} 60. Kf4 {[%emt 0:00:00]} Qe2 {[%emt 0:00:01] Time (Lag: Av=0.68s, max=1.4s)} 0-1

[Event "146 Stay Safe Play From Home series"]
[Site "T#646011Emanuel Laske"]
[Date "2020.05.13"]
[Round "4"]
[White "Chase the sun"]
[Black "Fischer_11"]
[Result "0-1"]
[WhiteElo "1854"]
[BlackElo "1925"]
[PlyCount "92"]
[EventDate "2020.05.13"]
[EventType "swiss (blitz)"]

1. e4 {[%emt 0:00:01]} Nf6 {[%emt 0:00:01]} 2. e5 {[%emt 0:00:01]} Nd5 {[%emt 0:00:12]} 3. d4 {[%emt 0:00:00]} d6 {[%emt 0:00:01]} 4. exd6 {[%emt 0:00:00]} cxd6 {[%emt 0:00:00]} 5. Nf3 {[%emt 0:00:00]} Nb6 {[%emt 0:00:00]} 6. Be2 {[%emt 0:00:00]} g6 {[%emt 0:00:00]} 7. O-O {[%emt 0:00:00]} Bg7 {[%emt 0:00:00]} 8. c3 {[%emt 0:00:00]} O-O {[%emt 0:00:00]} 9. Na3 {[%emt 0:00:00]} Nc6 {[%emt 0:00:00]} 10. Nc2 {[%emt 0:00:02]} e5 {[%emt 0:00:00]} 11. dxe5 {[%emt 0:00:03]} dxe5 {[%emt 0:00:00]} 12. Qxd8 {[%emt 0:00:02]} Rxd8 {[%emt 0:00:00]} 13. Be3 {[%emt 0:00:01]} Be6 {[%emt 0:00:00]} 14. b3 {[%emt 0:00:04]} Rac8 {[%emt 0:00:03]} 15. c4 {[%emt 0:00:02]} Nd4 {[%emt 0:00:01]} 16. Ncxd4 {[%emt 0:00:02]} exd4 {[%emt 0:00:00]} 17. Bf4 {[%emt 0:00:01]} Bf5 {[%emt 0:00:04]} 18. Rfd1 {[%emt 0:00:04]} d3 {[%emt 0:00:01]} 19. Bf1 {[%emt 0:00:01]} Bxa1 {[%emt 0:00:01]} 20. Rxa1 {[%emt 0:00:02]} Nd7 {[%emt 0:00:01]} 21. Rd1 {[%emt 0:00:00]} Nc5 {[%emt 0:00:01]} 22. Ne5 {[%emt 0:00:02]} Kg7 {[%emt 0:00:02]} 23. f3 {[%emt 0:00:02]} f6 {[%emt 0:00:01]} 24. Ng4 {[%emt 0:00:04]} Bxg4 {[%emt 0:00:01]} 25. fxg4 {[%emt 0:00:01]} Rd4 {[%emt 0:00:03]} 26. Be3 {[%emt 0:00:01]} Rxg4 {[%emt 0:00:00]} 27. Bxc5 {[%emt 0:00:02]} Rxc5 {[%emt 0:00:00]} 28. Rxd3 {[%emt 0:00:00]} Rc7 {[%emt 0:00:04]} 29. Be2 {[%emt 0:00:03]} Re4 {[%emt 0:00:03]} 30. Bf3 {[%emt 0:00:01]} Re1+ {[%emt 0:00:01]} 31. Kf2 {[%emt 0:00:00]} Ra1 {[%emt 0:00:00]} 32. Rd2 {[%emt 0:00:01]} Re7 {[%emt 0:00:00]} 33. h3 {[%emt 0:00:02]} b6 {[%emt 0:00:00]} 34. Bd5 {[%emt 0:00:01]} h5 {[%emt 0:00:01]} 35. g4 {[%emt 0:00:01]} hxg4 {[%emt 0:00:01]} 36. hxg4 {[%emt 0:00:00]} f5 {[%emt 0:00:00]} 37. gxf5 {[%emt 0:00:02]} gxf5 {[%emt 0:00:00]} 38. Kf3 {[%emt 0:00:00]} Kf6 {[%emt 0:00:00]} 39. a4 {[%emt 0:00:02]} Rf1+ {[%emt 0:00:01]} 40. Kg2 {[%emt 0:00:01]} Rb1 {[%emt 0:00:00]} 41. Rf2 {[%emt 0:00:02]} Rxb3 {[%emt 0:00:02]} 42. Rf3 {[%emt 0:00:00]} Rxf3 {[%emt 0:00:01]} 43. Kxf3 {[%emt 0:00:00]} Rc7 {[%emt 0:00:01]} 44. Kf4 {[%emt 0:00:01]} Rc5 {[%emt 0:00:00]} 45. Bg8 {[%emt 0:00:01]} Ra5 {[%emt 0:00:00]} 46. Bd5 {[%emt 0:00:00]} Rxa4 {[%emt 0:00:01] Zeit (Lag: Av=0.35s, max=1.1s)} 0-1

[Event "146 Stay Safe Play From Home series"]
[Site "T#646011Emanuel Laske"]
[Date "2020.05.13"]
[Round "4"]
[White "Lucknow"]
[Black "Trotsky"]
[Result "1-0"]
[WhiteElo "1747"]
[BlackElo "1572"]
[Annotator "NA"]
[PlyCount "49"]
[EventDate "2020.05.13"]
[EventType "swiss (blitz)"]

1. d4 {[%emt 0:00:01]} d5 {[%emt 0:00:13]} 2. c4 {[%emt 0:00:01]} e6 {[%emt 0:00:00]} 3. e3 {[%emt 0:00:00]} c5 {[%emt 0:00:01]} 4. Nf3 {[%emt 0:00:00]} Nc6 {[%emt 0:00:01]} 5. Bd3 {[%emt 0:00:01]} Nf6 {[%emt 0:00:01]} 6. O-O {[%emt 0:00:01]} Qc7 {[%emt 0:00:01]} 7. Nc3 {[%emt 0:00:00]} a6 {[%emt 0:00:02]} 8. Qe2 {[%emt 0:00:01]} Bd7 {[%emt 0:00:03]} 9. b3 {[%emt 0:00:01]} O-O-O {[%emt 0:00:01]} 10. Rd1 {[%emt 0:00:03]} Ng4 {[%emt 0:00:01]} 11. h3 {[%emt 0:00:04]} h5 {[%emt 0:00:01]} 12. e4 {[%emt 0:00:01]} f6 {[%emt 0:00:03]} 13. cxd5 {[%emt 0:00:03]} Bd6 {[%emt 0:00:03]} 14. dxc6 {[%emt 0:00:03]} Bxc6 {[%emt 0:00:02]} 15. d5 {[%emt 0:00:03]} exd5 {[%emt 0:00:01]} 16. exd5 {[%emt 0:00:02]} Bh2+ {[%emt 0:00:01]} 17. Kf1 {[%emt 0:00:03]} Bxd5 {[%emt 0:00:04]} 18. Nxd5 {[%emt 0:00:01]} Rxd5 {[%emt 0:00:01]} 19. Be3 {[%emt 0:00:08]} Bf4 {[%emt 0:00:09]} 20. Bxf4 {[%emt 0:00:07]} Qxf4 {[%emt 0:00:02]} 21. Qe4 {[%emt 0:00:00]} Nh2+ {[%emt 0:00:02]} 22. Nxh2 {[%emt 0:00:05]} Qxh2 {[%emt 0:00:01]} 23. Qxd5 {[%emt 0:00:01]} Qh1+ {[%emt 0:00:01]} 24. Ke2 {[%emt 0:00:01]} Re8+ {[%emt 0:00:01]} 25. Be4 {[%emt 0:00:02] Âðåìÿ (Lag: Av=0.27s, max=0.5s)} 1-0

[Event "146 Stay Safe Play From Home series"]
[Site "T#646011Emanuel Laske"]
[Date "2020.05.13"]
[Round "4"]
[White "Edmatuag"]
[Black "SoulofWolf"]
[Result "0-1"]
[WhiteElo "1666"]
[BlackElo "2076"]
[Annotator "TA"]
[PlyCount "68"]
[EventDate "2020.05.13"]
[EventType "swiss (blitz)"]

{[%evp 9,68,41,54,31,97,24,48,28,56,54,68,59,51,25,28,25,29,22,26,-11,41,41,88,86,88,89,105,108,178,91,83,99,141,125,172,188,843,144,151,154,194,75,83,79,171,121,233,250,863,537,2732,2591,2093,2082,2018,1954,29976,29977,29993,29994,29998]} 1. e4 d5 2. exd5 Nf6 3. Nc3 Nxd5 4. d4 c6 5. Nf3 g6 {[#]} 6. Bg5 $146 {B02: Alekhine's Defence: Chase Variation and lines with early Nc3.} ({Predecessor:} 6. Be2 Nxc3 7. bxc3 Bg7 8. Bd2 Nd7 9. Rb1 O-O 10. O-O e5 11. Re1 Qc7 12. Bc4 {½-½ (43) Jacob,B (1763)-Waagener,U (2112) Hamburg 2018}) 6... f6 (6... h6 $14 7. Bd2 Bg7) 7. Be3 ({Better is} 7. Bd2 $16) 7... Be6 8. Nxd5 {White is slightly better.} Bxd5 9. Be2 Bg7 10. O-O O-O 11. c3 Nd7 12. c4 Bf7 13. Qb3 Qc7 14. d5 Ne5 (14... cxd5 $11 15. cxd5 Nb6) 15. Nxe5 $14 fxe5 16. dxc6 bxc6 17. Qc2 Rab8 18. b3 e4 (18... a5 $16) 19. Qxe4 (19. Rad1 $18) 19... Bxa1 $16 20. Rxa1 Qd6 21. Bf4 {[%mdl 1024] White has strong compensation.} Qf6 22. Be5 Qe6 $2 {[#]} (22... Qf5 23. Qxf5 gxf5) 23. f4 $2 (23. Bg4 $18 {is the precise move to win.} Qf6 24. Bxf6 exf6 25. Qxc6) 23... Rbd8 24. Qe3 h5 25. Qg3 (25. h3 $18) 25... Qf5 26. Re1 $36 {[%mdl 2048] White is really pushing.} a5 (26... Rd2 $16 {might work better.}) 27. Bf3 c5 (27... Rd3 $16 28. Qf2 Qd7) 28. Be4 $18 Qe6 $2 (28... h4 29. Qxh4 (29. Bxf5 hxg3 30. Bb1 Be6 $14) 29... Qh5) 29. Qg5 Rd4 30. Qh6 {[%csl Ge5][%cal Rh6h8] [#]} Qxe5 31. fxe5 Rxe4 32. Rxe4 e6 33. g4 hxg4 34. Rxg4 Re8 {[%mdl 32768] Accuracy: White = 52%, Black = 27%. . Loss on time!?} 0-1

[Event "146 Stay Safe Play From Home series"]
[Site "T#646011Emanuel Laske"]
[Date "2020.05.13"]
[Round "4"]
[White "Matanant"]
[Black "Tobo Rubirosa"]
[Result "0-1"]
[WhiteElo "1603"]
[BlackElo "1506"]
[Annotator "NA"]
[PlyCount "52"]
[EventDate "2020.05.13"]
[EventType "swiss (blitz)"]

1. b3 {[%emt 0:00:02]} d5 {[%emt 0:00:02]} 2. Bb2 {[%emt 0:00:00]} Bg4 {[%emt 0:00:01]} 3. e3 {[%emt 0:00:00]} Bxd1 {[%emt 0:00:01]} 4. Kxd1 {[%emt 0:00:00]} Nc6 {[%emt 0:00:03]} 5. Kc1 {[%emt 0:00:00]} e5 {[%emt 0:00:01]} 6. Be2 {[%emt 0:00:00]} Qd7 {[%emt 0:00:01]} 7. Nc3 {[%emt 0:00:01]} Bb4 {[%emt 0:00:01]} 8. Nd1 {[%emt 0:00:00]} O-O-O {[%emt 0:00:03]} 9. c3 {[%emt 0:00:01]} Bd6 {[%emt 0:00:02]} 10. b4 {[%emt 0:00:02]} f5 {[%emt 0:00:01]} 11. a4 {[%emt 0:00:02]} Nf6 {[%emt 0:00:03]} 12. Kc2 {[%emt 0:00:01]} d4 {[%emt 0:00:02]} 13. exd4 {[%emt 0:00:03]} exd4 {[%emt 0:00:01]} 14. Nf3 {[%emt 0:00:02]} Ne5 {[%emt 0:00:03]} 15. Ne1 {[%emt 0:00:02]} Qc6 {[%emt 0:00:03]} 16. Nd3 {[%emt 0:00:04]} Nxd3 {[%emt 0:00:03]} 17. Bxd3 {[%emt 0:00:01]} Bxb4 {[%emt 0:00:01]} 18. Bxf5+ {[%emt 0:00:03]} Kb8 {[%emt 0:00:02]} 19. Rc1 {[%emt 0:00:03]} dxc3 {[%emt 0:00:01]} 20. Nxc3 {[%emt 0:00:04]} Bxc3 {[%emt 0:00:01]} 21. dxc3 {[%emt 0:00:02]} Nd5 {[%emt 0:00:00]} 22. Kb1 {[%emt 0:00:03]} Qxa4 {[%emt 0:00:02]} 23. Bc2 {[%emt 0:00:02]} Qb5 {[%emt 0:00:02]} 24. Rhe1 {[%emt 0:00:03]} Nxc3+ {[%emt 0:00:01]} 25. Ka1 {[%emt 0:00:06]} Qa5+ {[%emt 0:00:01]} 26. Ba3 {[%emt 0:00:05]} Qxa3# {[%emt 0:00:01] (Lag: Av=0.93s, max=1.3s)} 0-1

[Event "146 Stay Safe Play From Home series"]
[Site "T#646011Emanuel Laske"]
[Date "2020.05.13"]
[Round "4"]
[White "Nagaram"]
[Black "Greblah"]
[Result "1-0"]
[WhiteElo "1568"]
[BlackElo "1903"]
[PlyCount "113"]
[EventDate "2020.05.13"]
[EventType "swiss (blitz)"]

1. e4 {[%emt 0:00:01]} c6 {[%emt 0:00:00]} 2. Nf3 {[%emt 0:00:01]} d5 {[%emt 0:00:00]} 3. exd5 {[%emt 0:00:00]} cxd5 {[%emt 0:00:01]} 4. d4 {[%emt 0:00:00]} Nc6 {[%emt 0:00:01]} 5. c4 {[%emt 0:00:01]} Nf6 {[%emt 0:00:03]} 6. Nc3 {[%emt 0:00:01]} Be6 {[%emt 0:00:01]} 7. Bg5 {[%emt 0:00:00]} h6 {[%emt 0:00:01]} 8. Bxf6 {[%emt 0:00:01]} exf6 {[%emt 0:00:01]} 9. Bd3 {[%emt 0:00:00]} Be7 {[%emt 0:00:01]} 10. cxd5 {[%emt 0:00:02]} Bxd5 {[%emt 0:00:01]} 11. O-O {[%emt 0:00:02]} O-O {[%emt 0:00:01]} 12. Nxd5 {[%emt 0:00:01]} Qxd5 {[%emt 0:00:01]} 13. Re1 {[%emt 0:00:00]} Bd6 {[%emt 0:00:03]} 14. Be4 {[%emt 0:00:01]} Qb5 {[%emt 0:00:02]} 15. Rb1 {[%emt 0:00:02]} Rfe8 {[%emt 0:00:02]} 16. Bd3 {[%emt 0:00:02]} Qh5 {[%emt 0:00:02]} 17. Rxe8+ {[%emt 0:00:01]} Rxe8 {[%emt 0:00:02]} 18. Be2 {[%emt 0:00:01]} Qg6 {[%emt 0:00:02]} 19. Nh4 {[%emt 0:00:02]} Qg5 {[%emt 0:00:02]} 20. Nf3 {[%emt 0:00:01]} Qf4 {[%emt 0:00:01]} 21. g3 {[%emt 0:00:01]} Qf5 {[%emt 0:00:01]} 22. Nh4 {[%emt 0:00:01]} Qe4 {[%emt 0:00:01]} 23. Bf3 {[%emt 0:00:03]} Qxd4 {[%emt 0:00:02]} 24. Qxd4 {[%emt 0:00:02]} Nxd4 {[%emt 0:00:00]} 25. Bxb7 {[%emt 0:00:01]} Be5 {[%emt 0:00:02]} 26. Bg2 {[%emt 0:00:02]} Ne2+ {[%emt 0:00:01]} 27. Kf1 {[%emt 0:00:01]} Nd4 {[%emt 0:00:00]} 28. Nf3 {[%emt 0:00:02]} Rc8 {[%emt 0:00:00]} 29. Nxd4 {[%emt 0:00:01]} f5 {[%emt 0:00:01]} 30. Nxf5 {[%emt 0:00:01]} Bf6 {[%emt 0:00:00]} 31. Be4 {[%emt 0:00:02]} Rc5 {[%emt 0:00:00]} 32. Rd1 {[%emt 0:00:02]} g6 {[%emt 0:00:00]} 33. Nxh6+ {[%emt 0:00:02]} Kh7 {[%emt 0:00:00]} 34. Ng4 {[%emt 0:00:01]} Bxb2 {[%emt 0:00:01]} 35. Rd5 {[%emt 0:00:03]} f5 {[%emt 0:00:00]} 36. Rxc5 {[%emt 0:00:01]} fxe4 {[%emt 0:00:00]} 37. Rc2 {[%emt 0:00:02]} e3 {[%emt 0:00:00]} 38. Rxb2 {[%emt 0:00:02]} exf2 {[%emt 0:00:00]} 39. Rxf2 {[%emt 0:00:01]} g5 {[%emt 0:00:00]} 40. Nf6+ {[%emt 0:00:01]} Kg6 {[%emt 0:00:00]} 41. h4 {[%emt 0:00:01]} a6 {[%emt 0:00:01]} 42. hxg5 {[%emt 0:00:02]} Kxg5 {[%emt 0:00:00]} 43. Rc2 {[%emt 0:00:01]} Kxf6 {[%emt 0:00:00]} 44. Rc6+ {[%emt 0:00:00]} Ke5 {[%emt 0:00:01]} 45. Rxa6 {[%emt 0:00:00]} Ke4 {[%emt 0:00:00]} 46. a4 {[%emt 0:00:00]} Kf3 {[%emt 0:00:00]} 47. a5 {[%emt 0:00:00]} Kxg3 {[%emt 0:00:01]} 48. Rb6 {[%emt 0:00:00]} Kf4 {[%emt 0:00:00]} 49. a6 {[%emt 0:00:00]} Ke5 {[%emt 0:00:00]} 50. a7 {[%emt 0:00:00]} Kd5 {[%emt 0:00:01]} 51. a8=Q+ {[%emt 0:00:00]} Kc5 {[%emt 0:00:00]} 52. Rc6+ {[%emt 0:00:01]} Kd4 {[%emt 0:00:00]} 53. Qd8+ {[%emt 0:00:01]} Ke5 {[%emt 0:00:00]} 54. Qe7+ {[%emt 0:00:01]} Kf4 {[%emt 0:00:01]} 55. Rf6+ {[%emt 0:00:01]} Kg5 {[%emt 0:00:01]} 56. Qg7+ {[%emt 0:00:00]} Kh5 {[%emt 0:00:01]} 57. Rh6# {[%emt 0:00:00] (Lag: Av=0.85s, max=2.9s)} 1-0

[Event "146 Stay Safe Play From Home series"]
[Site "T#646011Emanuel Laske"]
[Date "2020.05.13"]
[Round "5"]
[White "Rohit2007"]
[Black "SecantFX"]
[Result "1-0"]
[WhiteElo "2251"]
[BlackElo "1873"]
[Annotator "RC"]
[PlyCount "65"]
[EventDate "2020.05.13"]
[EventType "swiss (blitz)"]

1. f4 {[%emt 0:00:01]} c6 {[%emt 0:00:01]} 2. e4 {[%emt 0:00:01]} g6 {[%emt 0:00:00]} 3. d4 {[%emt 0:00:01]} Bg7 {[%emt 0:00:00]} 4. Nc3 {[%emt 0:00:00]} e6 {[%emt 0:00:00]} 5. Be3 {[%emt 0:00:00]} Ne7 {[%emt 0:00:00]} 6. Qd2 {[%emt 0:00:01]} O-O {[%emt 0:00:00]} 7. O-O-O {[%emt 0:00:00]} d5 {[%emt 0:00:00]} 8. h4 {[%emt 0:00:01]} Nd7 {[%emt 0:00:01]} 9. h5 {[%emt 0:00:01]} f5 {[%emt 0:00:01]} 10. hxg6 {[%emt 0:00:01]} hxg6 {[%emt 0:00:00]} 11. exf5 {[%emt 0:00:01]} Nxf5 {[%emt 0:00:01]} 12. g4 {[%emt 0:00:01]} Nxe3 {[%emt 0:00:01]} 13. Qxe3 {[%emt 0:00:00]} Nf6 {[%emt 0:00:01]} 14. Nf3 {[%emt 0:00:01]} Nxg4 {[%emt 0:00:01]} 15. Qe2 {[%emt 0:00:00]} Nf6 {[%emt 0:00:02]} 16. Qh2 {[%emt 0:00:02]} Kf7 {[%emt 0:00:02]} 17. Ne5+ {[%emt 0:00:00]} Ke8 {[%emt 0:00:02]} 18. Nxg6 {[%emt 0:00:00]} Rf7 {[%emt 0:00:01]} 19. f5 {[%emt 0:00:01]} exf5 {[%emt 0:00:02]} 20. Qe5+ {[%emt 0:00:01]} Kd7 {[%emt 0:00:01]} 21. Qxf5+ {[%emt 0:00:01]} Kc7 {[%emt 0:00:01]} 22. Qe5+ {[%emt 0:00:01]} Kb6 {[%emt 0:00:02]} 23. Na4+ {[%emt 0:00:00]} Ka5 {[%emt 0:00:02]} 24. Nc5 {[%emt 0:00:00]} Ne4 {[%emt 0:00:02]} 25. Qh2 {[%emt 0:00:03]} b6 {[%emt 0:00:02]} 26. b4+ {[%emt 0:00:02]} Kxb4 {[%emt 0:00:01]} 27. a3+ {[%emt 0:00:01]} Kxa3 {[%emt 0:00:01]} 28. Nxe4 {[%emt 0:00:02]} Bxd4 {[%emt 0:00:03]} 29. Rxd4 {[%emt 0:00:03]} Rxf1+ {[%emt 0:00:01]} 30. Rxf1 {[%emt 0:00:01]} dxe4 {[%emt 0:00:04]} 31. Qg3+ {[%emt 0:00:01]} Ka2 {[%emt 0:00:12]} 32. Qb3+ {[%emt 0:00:03]} Ka1 {[%emt 0:00:02]} 33. Qb1# {[%emt 0:00:01] (Lag: Av=0.45s, max=1.0s)} 1-0